000 00287nam a22001217a 4500
008 160507b xxu||||| |||| 00| 0 eng d
020 _a2900073303238
020 _a9780072886160
041 _aeng
080 _a573
245 _aEssentials of biology:
_cSylvia S. Mader;
942 _2udc
_cBK
999 _c1925
_d1925